[Event "Pereyra Puebla Memorial 03rd"]
[Site "Mendoza"]
[Date "2004.12.11"]
[Round "1"]
[White "Hellsten, Johan"]
[Black "Flores, Jorge"]
[Result "1-0"]
[WhiteElo "2564"]
[BlackElo "2071"]
[PlyCount "71"]
[EventDate "2004.12.11"]
[EventType "swiss"]
[EventRounds "9"]
[EventCountry "ARG"]
[SourceTitle "CBM 103 Extra"]
[Source "ChessBase"]
[SourceDate "2005.01.01"]
[SourceVersion "1"]
[SourceVersionDate "2005.01.01"]
[SourceQuality "1"]

1. d4 Nf6 2. c4 g6 3. Nc3 Bg7 4. Nf3 c6 5. Bf4 d6 6. h3 Nbd7 7. e3 Nb6 8. Bd3 Be6 9. Qe2 d5 10. c5 Nc4 11. b3 Na3 12. Qb2 Nb5 13. Nxb5 cxb5 14. Bxb5+ Nd7 15. b4 0-0 16. 0-0 Nf6 17. Be2 Ne4 18. Rac1 Rc8 19. Qb3 a6 20. a4 h6 21. c6 Rxc6 22. Rxc6 bxc6 23. Bxa6 g5 24. Bh2 g4 25. hxg4 Bxg4 26. Rc1 Bxf3 27. gxf3 Nd2 28. Qd1 Qb6 29. Qxd2 Qxa6 30. Qc2 Rc8 31. b5 Qa8 32. bxc6 e6 33. c7 Qa5 34. Rb1 f5 35. Qc6 Kh8 36. Qxe6 1-0